| 000 | 01276nam a2200301Ia 4500 | ||
|---|---|---|---|
| 003 | GCL | ||
| 008 | 140319s9999 xx 000 0 ara d | ||
| 020 | _a2130009957 | ||
| 040 |
_aGCL / _cGCL |
||
| 082 | 0 | 4 |
_a370.1 _bج ص |
| 100 | 1 | _aجودت احمد سعادة | |
| 245 | 1 | 0 |
_aصياغة الاهداف التربوية والتعليمية فى جميع المواد الدراسية / _cجودت احمد سعادة |
| 250 | _aالثانية | ||
| 260 |
_aالاردن : _bدار الشروق للنشر والتوزيع ، _c2005 |
||
| 300 |
_a680 ص ؛ _c24 سم |
||
| 650 | 0 | 4 | _aالتعليم - مناهج |
| 650 | 0 | 4 | _aالرياضيات - تعليم وتدريس |
| 650 | 0 | 4 | _aالتربية الفنية - طرق تدريس |
| 650 | 0 | 4 | _aالتعليم - اغراضه واهدافه |
| 650 | 0 | 4 | _aاللغة العربية - تعليم وتدريس |
| 650 | 0 | 4 | _aالتعليم - تطوير |
| 650 | 0 | 4 | _aالعلوم - تعليم وتدريس |
| 650 | 0 | 4 | _aالفلسفة - تعليم وتدريس |
| 650 | 0 | 4 | _aالتربية الرياضية - تعليم وتدريس |
| 650 | 0 | 4 | _aالتربية الاسلامية - تعليم وتدريس |
| 650 | 0 | 4 | _aالدراسات الاجتماعية - تعليم وتدريس |
| 942 |
_2ddc _cBK |
||
| 999 |
_c10153 _d10153 |
||